000 01090nam a22003137a 4500
003 CHAP
005 20220329133702.0
008 971013s1992 r 00010 d
010 _a9469
011 _a10441
035 _a9678
040 _cCHAP
082 _a634.956
_bC64
110 _aComisión Nacional del Agua. México
_925810
245 _aEvaluación del programa de reforestación del proyecto Lago de Texcoco zona sureste contrato GAVM-PT-FE-01-92
260 _aChapingo, Méx. UACH. Departamento de Suelos,
_c1992
300 _a96 p.
_b: ilus.
_e+ 1 plano
_e+ 12 fotografías
590 _aBATCH-UPD
_b10
_c20130110
_lUCH01
_h1431
590 _aBATCH-UPD
_b10
_c20130410
_lUCH01
_h0908
590 _aBATCH-UPD
_b10
_c20130914
_lUCH01
_h1712
590 _aCONVERSION
_b10
_c20130109
_lUCH01
_h1306
650 1 4 _aLago de Texcoco.
_964410
650 1 4 _aReforestación.
_995474
650 1 4 _aTierras
_xRecuperación de.
_9113120
700 0 _aRey Contreras, Jaime Alberto.
_996722
901 _aBK
942 _cLIBRO
949 _a634.956 C64
_bBC
_cUACH
_d-20675
_eUACH
_h85979
_i9678
_mD
_si
999 _c9469
_d9469